| 000 | 00502nam a2200145 a 4500 | ||
|---|---|---|---|
| 001 | 000031787 | ||
| 005 | 20200930063159.0 | ||
| 008 | 110701s1976 dr 000 0 spa d | ||
| 040 |
_aDO-SdBNP _bspa _cBNPHU |
||
| 110 | 1 |
_aRepública Dominicana _bPresidencia de la República _917065 |
|
| 245 | 1 | 0 | _aCeremonial del acto de inhumación de los restos de los padres de la patria. |
| 260 |
_aSanto Domingo : _b[s.n.], _c1976. |
||
| 300 |
_a1v. con varias paginaciones : _bil., retrs. ; _c26 cm. |
||
| 049 | _aBNPD | ||
| 999 |
_c31279 _d31279 |
||